[Event "2nd EUR-ch"]
[Site "Ohrid MKD"]
[Date "2001.06.02"]
[Round "2"]
[White "Guliev, Sarhan"]
[Black "Mitkov, Marjan"]
[Result "0-1"]
[WhiteElo "2528"]
[BlackElo "2424"]
[EventDate "2001.06.01"]
[PlyCount "134"]

1.d4 Nf6 2.c4 e6 3.Nc3 Bb4 4.Qc2 O-O 5.a3 Bxc3+ 6.Qxc3 b6 7.Bg5 Bb7 8.f3 
d6 9.e3 Nbd7 10.Bd3 Rc8 11.Ne2 c5 12.O-O h6 13.Bh4 Ba6 14.b3 cxd4 15.Qxd4 
Nc5 16.Bc2 d5 17.Nc3 dxc4 18.Bxf6 Qxf6 19.Qxf6 gxf6 20.b4 Nd3 21.Rfd1 Rfd8
22.Kf1 f5 23.Rd2 Ne5 24.Rad1 Rd3 25.Bxd3 cxd3 26.b5 Rxc3 27.bxa6 Rxa3 28.
h3 Rxa6 29.f4 Nc4 30.Rxd3 b5 31.Ke2 Rb6 32.Rd7 a5 33.Rc7 a4 34.Rdd7 Nd6 
35.Ra7 h5 36.Kd3 b4 37.Rxa4 b3 38.Ra1 Ne4 39.Rd8+ Kg7 40.Rb1 Rc6 41.Rb2 
Rc1 42.Rb8 Nc5+ 43.Kd4 Rc2 44.Rb1 Ne4 45.R1xb3 Rxg2 46.Ra8 Rh2 47.Ra7 Rd2+
48.Rd3 Rc2 49.Rd1 Kf6 50.h4 Rc8 51.Raa1 Rd8+ 52.Kc4 Rc8+ 53.Kb4 Rb8+ 54.
Ka5 Nc3 55.Re1 Nd5 56.Reb1 Rxb1 57.Rxb1 Nxe3 58.Rg1 Nd5 59.Rf1 e5 60.fxe5+
Kxe5 61.Kb5 f4 62.Kc5 Ne3 63.Rf2 Ke4 64.Kd6 f3 65.Ke7 f5 66.Ke6 f4 67.Ra2 
Nf5 0-1

[Event "2nd EUR-ch"]
[Site "Ohrid MKD"]
[Date "2001.06.02"]
[Round "2"]
[White "Cvitan, Ognjen"]
[Black "Kiroski, Toni"]
[Result "1-0"]
[WhiteElo "2526"]
[BlackElo "2403"]
[EventDate "2001.06.01"]
[PlyCount "49"]

1.d4 d5 2.Nf3 Nf6 3.c4 c6 4.cxd5 cxd5 5.Nc3 Nc6 6.Bf4 Bf5 7.e3 e6 8.Bb5 
Nd7 9.Qb3 Be7 10.Rc1 O-O 11.O-O Rc8 12.a3 a6 13.Bxc6 bxc6 14.Na4 c5 15.
dxc5 Nxc5 16.Nxc5 Bxc5 17.Rc3 Qb6 18.Qxb6 Bxb6 19.Rfc1 Rxc3 20.Rxc3 a5 21.
Rc6 Bd8 22.Bd6 Re8 23.Rc8 e5 24.Rb8 e4 25.Ne5 1-0

[Event "2nd EUR-ch"]
[Site "Ohrid MKD"]
[Date "2001.06.02"]
[Round "2"]
[White "Kristjansson, Stefan"]
[Black "Malakhatko, Vadim"]
[Result "0-1"]
[WhiteElo "2371"]
[BlackElo "2524"]
[EventDate "2001.06.01"]
[PlyCount "70"]

1.e4 c5 2.Nf3 e6 3.d4 cxd4 4.Nxd4 Nf6 5.Nc3 Nc6 6.Ndb5 d6 7.Bf4 e5 8.Bg5 
a6 9.Na3 b5 10.Bxf6 gxf6 11.Nd5 f5 12.c3 Bg7 13.Bd3 Be6 14.Qh5 b4 15.Nxb4 
Nxb4 16.cxb4 fxe4 17.Bxe4 d5 18.Bf5 Qd7 19.Bxe6 Qxe6 20.O-O O-O 21.Rad1 f5
22.Rfe1 Rad8 23.Nc2 Qc8 24.Rc1 Qd7 25.Qe2 d4 26.Qxa6 e4 27.Red1 Kh8 28.Ne3
f4 29.Nf1 d3 30.Rd2 e3 31.fxe3 fxe3 32.Nxe3 Qd4 33.Re1 Rfe8 34.Kf2 Rxe3 
35.Rxe3 Rf8+ 0-1

[Event "2nd EUR-ch"]
[Site "Ohrid MKD"]
[Date "2001.06.02"]
[Round "2"]
[White "Mikhalevski, Victor"]
[Black "Vasovski, Nikola"]
[Result "1-0"]
[WhiteElo "2523"]
[BlackElo "2359"]
[EventDate "2001.06.01"]
[PlyCount "105"]

1.d4 Nf6 2.c4 e6 3.g3 d5 4.Bg2 Bb4+ 5.Bd2 Be7 6.Nf3 c6 7.Qc2 O-O 8.O-O b6 
9.Bf4 Bb7 10.Rd1 Na6 11.a3 c5 12.Nc3 cxd4 13.Nxd4 Qc8 14.cxd5 Nxd5 15.Nxd5
Bxd5 16.Bxd5 Qxc2 17.Nxc2 exd5 18.Ne3 Bf6 19.Rab1 d4 20.Nd5 Rfd8 21.Nxf6+ 
gxf6 22.b4 Rac8 23.Rbc1 Rxc1 24.Rxc1 Kg7 25.Rd1 Rd5 26.Kg2 Kg6 27.Kf3 f5 
28.Be3 Nc7 29.Rxd4 Rxd4 30.Bxd4 Nb5 31.Bb2 Nd6 32.a4 f6 33.Bd4 Nc4 34.Kf4 
Nd6 35.Ke3 Kf7 36.Kd3 Ke6 37.f3 Nc8 38.b5 Nd6 39.Kc3 Nb7 40.Kc4 Nd6+ 41.
Kb4 Nb7 42.Be3 Na5 43.Bf4 Kd7 44.Kc3 Nb7 45.Kc4 Na5+ 46.Kd5 Nb3 47.Be3 Na5
48.Bd4 Ke7 49.Bc3 Nb3 50.Kc4 Nc1 51.Bd2 Nxe2 52.Be3 Kd6 53.Kd3 1-0

[Event "2nd EUR-ch"]
[Site "Ohrid MKD"]
[Date "2001.06.02"]
[Round "2"]
[White "Ulker, Ates"]
[Black "Rabiega, Robert"]
[Result "1/2-1/2"]
[WhiteElo "2332"]
[BlackElo "2517"]
[EventDate "2001.06.01"]
[PlyCount "118"]

1.e4 c5 2.Nf3 Nc6 3.c3 Nf6 4.e5 Nd5 5.d4 cxd4 6.cxd4 d6 7.Bc4 Nb6 8.Bb5 
dxe5 9.Nxe5 Bd7 10.Bxc6 Bxc6 11.Nxc6 bxc6 12.O-O g6 13.Re1 Bg7 14.Bg5 Nc8 
15.Qf3 Qb6 16.Nd2 O-O 17.Nb3 Qb5 18.Bxe7 Nxe7 19.Rxe7 Rad8 20.Rxa7 Bxd4 
21.Nxd4 Rxd4 22.Re1 Qxb2 23.Qxc6 Rf4 24.Rf1 Rxf2 25.Rxf2 Qa1+ 26.Rf1 Qd4+ 
27.Kh1 Qxa7 28.a4 h5 29.h3 Rd8 30.Qb5 Qa8 31.Qc4 Qb7 32.Qa2 Rd3 33.Kg1 
Qa7+ 34.Qf2 Qxf2+ 35.Rxf2 Ra3 36.Rf4 Ra2 37.h4 Kg7 38.Rb4 Kh6 39.Kh2 Ra3 
40.Rc4 f6 41.Kg1 Ra2 42.Kf1 g5 43.hxg5+ Kxg5 44.Kg1 f5 45.Kh2 f4 46.Kh3 
Ra3+ 47.Kh2 Kg4 48.Rb4 Ra2 49.Rc4 h4 50.Rc8 Rxa4 51.Rg8+ Kf5 52.Rh8 Ra2 
53.Kh3 Ra3+ 54.Kh2 h3 55.Rxh3 Rxh3+ 56.Kxh3 Kg5 57.Kh2 Kg4 58.Kh1 f3 59.
gxf3+ Kxf3 1/2-1/2

[Event "2nd EUR-ch"]
[Site "Ohrid MKD"]
[Date "2001.06.02"]
[Round "2"]
[White "Ilic, Ljubomir"]
[Black "Konopka, Michal"]
[Result "1-0"]
[WhiteElo "2282"]
[BlackElo "2507"]
[EventDate "2001.06.01"]
[PlyCount "59"]

1.e4 Nf6 2.Nc3 d5 3.e5 Nfd7 4.d4 c5 5.Nf3 cxd4 6.Qxd4 Nb6 7.Bd3 Nc6 8.Qh4 
h6 9.O-O e6 10.Qg3 g6 11.Nb5 a6 12.Nd6+ Bxd6 13.exd6 Qf6 14.Re1 Bd7 15.Bd2
O-O-O 16.c4 Rde8 17.Bc3 d4 18.Bd2 a5 19.Ne5 Nxe5 20.Rxe5 Bc6 21.Rxa5 e5 
22.f3 Nd7 23.c5 Nb8 24.b4 Qe6 25.Rc1 e4 26.fxe4 Bxe4 27.b5 Kd7 28.Ra7 Rc8 
29.c6+ Nxc6 30.Rxb7+ 1-0

[Event "2nd EUR-ch"]
[Site "Ohrid MKD"]
[Date "2001.06.02"]
[Round "2"]
[White "Grabarczyk, Miroslaw"]
[Black "Petkovski, Vlatko"]
[Result "1-0"]
[WhiteElo "2506"]
[BlackElo "2265"]
[EventDate "2001.06.01"]
[PlyCount "107"]

1.d4 Nf6 2.c4 e6 3.g3 c5 4.d5 exd5 5.cxd5 g6 6.Nc3 Bg7 7.Bg2 O-O 8.Nf3 d6 
9.O-O a6 10.a4 Nbd7 11.Bf4 Qe7 12.h3 Rb8 13.Rb1 Nh5 14.Bg5 f6 15.Bd2 f5 
16.e3 Nb6 17.Qb3 Na8 18.Qa2 Nc7 19.b4 Kh8 20.Rfd1 Rd8 21.Be1 h6 22.bxc5 
dxc5 23.Rb6 Rd6 24.Rdb1 Nf6 25.Nd2 Nd7 26.Rxd6 Qxd6 27.Nc4 Qf6 28.d6 Ne8 
29.Nd5 Qf7 30.a5 Ne5 31.Bc3 Nxc4 32.Qxc4 Nxd6 33.Qxc5 Nb5 34.Bxg7+ Qxg7 
35.Ne7 Be6 36.Nxg6+ Kh7 37.Nf4 Bd7 38.Rd1 Rc8 39.Qd5 Rc7 40.Ne6 Bxe6 41.
Qxe6 Qf7 42.Qe5 Rd7 43.Rd5 Kg6 44.g4 Rxd5 45.Bxd5 Qf6 46.gxf5+ Kg7 47.Qg3+
Qg5 48.Bxb7 Nc7 49.Qxg5+ hxg5 50.Kg2 Kf6 51.e4 Ke5 52.Kg3 Ne8 53.f3 Nc7 
54.f4+ 1-0

[Event "2nd EUR-ch"]
[Site "Ohrid MKD"]
[Date "2001.06.02"]
[Round "2"]
[White "Jacimovic, Dragoljub"]
[Black "Trkaljanov, Vladimir"]
[Result "1-0"]
[WhiteElo "2504"]
[BlackElo "2249"]
[EventDate "2001.06.01"]
[PlyCount "67"]

1.d4 Nf6 2.c4 e6 3.Nc3 c5 4.d5 exd5 5.cxd5 d6 6.e4 g6 7.f4 Bg7 8.Bb5+ Bd7 
9.e5 Qe7 10.Nf3 O-O 11.O-O dxe5 12.fxe5 Ng4 13.d6 Qe8 14.Bxd7 Qxd7 15.Nd5 
Nc6 16.Bg5 Ncxe5 17.Be7 f5 18.Re1 Nxf3+ 19.gxf3 Ne5 20.f4 Nc6 21.Bxf8 Rxf8
22.Ne7+ Kh8 23.Qd5 Bxb2 24.Rad1 Bd4+ 25.Rxd4 cxd4 26.Re6 d3 27.Re1 Rd8 28.
Nxc6 bxc6 29.Qxd3 Qg7 30.Re5 g5 31.Re7 Qa1+ 32.Kf2 Qf6 33.fxg5 Qxd6 34.
Re8+ 1-0

[Event "2nd EUR-ch"]
[Site "Ohrid MKD"]
[Date "2001.06.02"]
[Round "2"]
[White "Fedorchuk, Serhii"]
[Black "Grant, Jonathan"]
[Result "1-0"]
[WhiteElo "2528"]
[BlackElo "2218"]
[EventDate "2001.06.01"]
[PlyCount "188"]

1.e4 c6 2.d4 d5 3.Nd2 dxe4 4.Nxe4 Bf5 5.Ng3 Bg6 6.f4 e6 7.Nf3 Bd6 8.Bc4 
Nd7 9.Qe2 Ndf6 10.O-O Ne7 11.c3 Qc7 12.Ne5 O-O 13.Be3 a5 14.Rae1 a4 15.Rf3
Nfd5 16.Bd2 Rad8 17.Bd3 c5 18.dxc5 Bxc5+ 19.Kh1 Bxd3 20.Nxd3 Bd6 21.Ne5 
Nf6 22.c4 Ng6 23.Bc3 Bc5 24.Qc2 a3 25.bxa3 Bd4 26.Bb4 Rfe8 27.Nd3 Nd5 28.
Ne2 Ne3 29.Qa4 Ra8 30.Qb3 Nf5 31.Rb1 Ngh4 32.Rff1 Qc6 33.Ne1 Ba7 34.Nf3 
Qe4 35.Rbe1 Rad8 36.c5 Rd3 37.Qa4 Ra8 38.Ng3 Qd5 39.Nxf5 Nxf5 40.Rf2 b6 
41.Re5 Qd8 42.Ne1 Rd1 43.g4 bxc5 44.Ba5 Qd4 45.Qc2 Ne3 46.Qe2 Nxg4 47.Rg2 
Nxe5 48.fxe5 Bb8 49.Bd2 Rxd2 50.Qxd2 Qxd2 51.Rxd2 Bxe5 52.Nc2 g6 53.Kg2 
Rb8 54.Kf3 Rb2 55.Ke4 Bd4 56.Kd3 Rxa2 57.Kc4 e5 58.Re2 f5 59.Nxd4 Rxa3 60.
Nb5 Ra4+ 61.Kxc5 e4 62.Nc3 Ra8 63.Kd4 Kg7 64.Nd5 Ra1 65.Rb2 Ra7 66.Ke5 Kf7
67.Kf4 Ke6 68.Ne3 Rd7 69.h4 h6 70.Rb5 Rd6 71.Nc4 Rc6 72.Ne5 g5+ 73.hxg5 
hxg5+ 74.Kxg5 Rc3 75.Kf4 e3 76.Nf3 Rc4+ 77.Kxe3 Re4+ 78.Kd3 Ra4 79.Nd4+ 
Kd6 80.Nxf5+ Ke6 81.Nd4+ Kd6 82.Ke4 Ra1 83.Rb6+ Kc7 84.Rh6 Ra5 85.Nc6 Rc5 
86.Ne5 Rc1 87.Kd4 Rd1+ 88.Kc5 Rc1+ 89.Kd4 Rd1+ 90.Nd3 Ra1 91.Kd5 Rd1 92.
Rh7+ Kb6 93.Kc4 Kc6 94.Ne5+ Kd6 1-0

[Event "2nd EUR-ch"]
[Site "Ohrid MKD"]
[Date "2001.06.02"]
[Round "2"]
[White "Gicov, Zoran"]
[Black "Czebe, Attila"]
[Result "0-1"]
[WhiteElo "2257"]
[BlackElo "2502"]
[EventDate "2001.06.01"]
[PlyCount "132"]

1.e4 c5 2.d4 cxd4 3.c3 dxc3 4.Nxc3 e6 5.Nf3 Nc6 6.Bc4 Nge7 7.Nb5 Ng6 8.O-O
a6 9.Nd6+ Bxd6 10.Qxd6 Qe7 11.Qg3 O-O 12.h4 f6 13.Be3 Nce5 14.Nxe5 fxe5 
15.h5 Nf4 16.Qg4 b5 17.Bb3 Qf7 18.h6 Qg6 19.Qxg6 Ne2+ 20.Kh2 hxg6 21.hxg7 
Kxg7 22.g3 Bb7 23.Rad1 Rh8+ 24.Kg2 Bxe4+ 25.f3 Bc6 26.Bc5 Rh5 27.Bd6 Rah8 
28.Kf2 Nd4 29.g4 Rh2+ 30.Ke3 Re2+ 31.Kd3 Rh3 32.Bxe5+ Rxe5 33.Kxd4 d6 34.
Rd3 a5 35.Rc3 Bd5 36.Bc2 Bc4 37.Rf2 Re1 38.f4 e5+ 39.fxe5 dxe5+ 40.Kc5 
Rxc3 41.bxc3 e4 42.a4 e3 43.Rf4 e2 44.axb5 Bxb5 45.Kxb5 Rb1+ 46.Bxb1 e1=Q 
47.Rc4 Qxb1+ 48.Kxa5 Kh6 49.Ka4 Kg5 50.Ka3 Kh4 51.Rb4 Qc2 52.Rc4 g5 53.Kb4
Qb2+ 54.Kc5 Kg3 55.Kc6 Kf3 56.Kc5 Ke3 57.Kd5 Qb5+ 58.Rc5 Qd7+ 59.Kc4 Qxg4+
60.Kb5 Qd7+ 61.Kb4 g4 62.c4 g3 63.Rd5 Qe7+ 64.Kb5 g2 65.Rd1 Ke2 66.Rb1 
Qb7+ 0-1

[Event "2 IECC, Ohrid"]
[Site "Ohrid MKD"]
[Date "2001.06.03"]
[Round "3.2"]
[White "Nevednichy, Vladislav"]
[Black "Lastin, Alexander"]
[Result "1/2-1/2"]
[WhiteElo "2563"]
[BlackElo "2627"]
[EventDate "2001.06.01"]
[PlyCount "71"]

1.e4 e6 2.d4 d5 3.Nd2 c5 4.Ngf3 Nf6 5.exd5 exd5 6.Bb5+ Bd7 7.Bxd7+ Nbxd7 
8.O-O Be7 9.dxc5 Nxc5 10.Nb3 Nce4 11.Nfd4 Qd7 12.Qf3 O-O 13.Nf5 Bd8 14.Be3
Rc8 15.c3 Re8 16.Rad1 a5 17.Nd2 Qe6 18.a4 Bc7 19.Nd4 Qe7 20.Nb5 Be5 21.Nb3
Rc4 22.Nxa5 Rxa4 23.Nb3 Ra2 24.Bc1 h5 25.h3 g6 26.N5d4 Bb8 27.Qd3 Ra6 28.
Nf3 Re6 29.Nbd4 Rb6 30.Rde1 Qc7 31.Re2 Rc8 32.Qe3 Qd8 33.Qh6 Bd6 34.Rfe1 
Bf8 35.Qf4 Ra6 36.Qe3 1/2-1/2

[Event "2 IECC, Ohrid"]
[Site "Ohrid MKD"]
[Date "2001.06.03"]
[Round "3.3"]
[White "Ruck, Robert"]
[Black "Avrukh, Boris"]
[Result "1/2-1/2"]
[WhiteElo "2557"]
[BlackElo "2600"]
[EventDate "2001.06.01"]
[PlyCount "30"]

1.d4 Nf6 2.c4 g6 3.Nf3 Bg7 4.g3 O-O 5.Bg2 d6 6.Nc3 Nc6 7.O-O a6 8.Bd2 Rb8 
9.Rc1 e5 10.dxe5 dxe5 11.Be3 Bg4 12.Qxd8 Rfxd8 13.Rfd1 Ne8 14.b3 Nd4 15.h3
Bxf3 1/2-1/2

[Event "2 IECC, Ohrid"]
[Site "Ohrid MKD"]
[Date "2001.06.03"]
[Round "3.6"]
[White "Volokytin, Andriy"]
[Black "Aseev, Konstantin"]
[Result "0-1"]
[WhiteElo "2493"]
[BlackElo "2577"]
[EventDate "2001.06.01"]
[PlyCount "91"]

1.e4 c5 2.Nf3 d6 3.d4 cxd4 4.Nxd4 Nf6 5.Nc3 Nc6 6.Be2 e5 7.Nf3 h6 8.O-O 
Be7 9.Re1 O-O 10.h3 Be6 11.Bf1 Nb8 12.b3 a6 13.Bb2 Nbd7 14.a4 Qc7 15.a5 
Rac8 16.Nd2 d5 17.exd5 Nxd5 18.Nxd5 Bxd5 19.Nc4 Be6 20.Qh5 f6 21.Bd3 Rfd8 
22.Bf5 Bxf5 23.Qxf5 Bc5 24.Re4 Nf8 25.b4 Ba7 26.Rg4 Qd7 27.Qh5 Qf7 28.
Qxf7+ Kxf7 29.Kf1 Ne6 30.Rc1 h5 31.Re4 Bd4 32.Rxd4 exd4 33.Nd2 Rc6 34.Nf3 
Rc4 35.Ba3 Rc3 36.Bb2 Rc4 37.Ba3 d3 38.cxd3 Rxc1+ 39.Bxc1 Rxd3 40.Ke2 Rb3 
41.Bd2 g5 42.Kd1 g4 43.hxg4 hxg4 44.Ne1 Nd4 45.Kc1 Ke6 46.Nc2 0-1

[Event "2 IECC, Ohrid"]
[Site "Ohrid MKD"]
[Date "2001.06.03"]
[Round "3.7"]
[White "De Vreugt, Dennis"]
[Black "Gyimesi, Zoltan"]
[Result "1-0"]
[WhiteElo "2460"]
[BlackElo "2571"]
[EventDate "2001.06.01"]
[PlyCount "90"]

1.e4 c6 2.d4 d5 3.exd5 cxd5 4.c4 Nf6 5.Nc3 e6 6.Nf3 Bb4 7.cxd5 Nxd5 8.Bd2 
O-O 9.Bd3 Nc6 10.O-O Be7 11.Qe2 Nf6 12.Ne4 Bd7 13.Rad1 Qb6 14.Bg5 Nd5 15.
Ne5 Qd8 16.Qh5 g6 17.Qh4 f6 18.Nxc6 Bxc6 19.Bh6 Rf7 20.Nc5 f5 21.Qh3 Bxc5 
22.dxc5 Qa5 23.Rfe1 Re8 24.Bc4 Qxc5 25.Qb3 Rd7 26.h4 b5 27.Bf1 a6 28.h5 
Kf7 29.Qh3 Nf6 30.hxg6+ hxg6 31.Rc1 Qd6 32.Bg5 Bd5 33.Qh4 Nh5 34.a4 Rb7 
35.axb5 axb5 36.Red1 Qe5 37.b4 Qe4 38.Qxe4 Bxe4 39.Rc5 Reb8 40.Rdc1 Bd5 
41.Rc7+ Ke8 42.g4 fxg4 43.Bd3 Kf8 44.Bxg6 g3 45.Bh6+ Kg8 1-0

[Event "2 IECC, Ohrid"]
[Site "Ohrid MKD"]
[Date "2001.06.03"]
[Round "3.16"]
[White "Jussupow, Artur"]
[Black "Chuchelov, Vladimir"]
[Result "1/2-1/2"]
[WhiteElo "2645"]
[BlackElo "2550"]
[EventDate "2001.06.01"]
[PlyCount "49"]

1.d4 Nf6 2.c4 e6 3.Nf3 b6 4.g3 Ba6 5.b3 d5 6.Bg2 Bb4+ 7.Bd2 Be7 8.cxd5 
exd5 9.O-O O-O 10.Nc3 Bb7 11.Rc1 Re8 12.Bf4 Na6 13.Ne5 h6 14.h4 c5 15.dxc5
Bxc5 16.Nd3 Ba3 17.Rc2 Qd7 18.Ne5 Qe7 19.Nb5 Bc5 20.Nd3 Red8 21.Qb1 d4 22.
Bxb7 Qxb7 23.b4 Bf8 24.Rfc1 Qd7 25.Rc6 1/2-1/2

[Event "2 IECC, Ohrid"]
[Site "Ohrid MKD"]
[Date "2001.06.03"]
[Round "3.19"]
[White "Gershon, Alik"]
[Black "Alexandrov, Alexei"]
[Result "1/2-1/2"]
[WhiteElo "2539"]
[BlackElo "2610"]
[EventDate "2001.06.01"]
[PlyCount "42"]

1.d4 Nf6 2.c4 e6 3.Nc3 Bb4 4.Qc2 O-O 5.a3 Bxc3+ 6.Qxc3 b6 7.Bg5 Bb7 8.e3 
c5 9.dxc5 bxc5 10.f3 Nc6 11.O-O-O Ne4 12.fxe4 Qxg5 13.Rxd7 Rab8 14.Nf3 Qg6
15.Bd3 Bc8 16.Rc7 Rb6 17.Rd1 e5 18.Nxe5 Nxe5 19.Qxe5 Qxg2 20.Rxc5 Bg4 21.
Rd2 Qg1+ 1/2-1/2

[Event "2 IECC, Ohrid"]
[Site "Ohrid MKD"]
[Date "2001.06.03"]
[Round "3.26"]
[White "Jaracz, Pawel"]
[Black "Fedorov, Alexei"]
[Result "0-1"]
[WhiteElo "2484"]
[BlackElo "2590"]
[EventDate "2001.06.01"]
[PlyCount "110"]

1.c4 g6 2.Nc3 Bg7 3.g3 c5 4.Bg2 Nc6 5.a3 a5 6.e3 e5 7.Nb5 d6 8.Ne2 Nge7 9.
Nec3 f5 10.b3 O-O 11.Bb2 Kh8 12.O-O Be6 13.Na4 Bg8 14.f4 Nc8 15.fxe5 Nxe5 
16.Bxb7 Rb8 17.Bg2 d5 18.Nxc5 dxc4 19.a4 Nd6 20.Nd4 Qc8 21.Ba3 Rb4 22.Bxb4
axb4 23.a5 Qxc5 24.a6 Nc8 25.Qc2 Na7 26.Ra4 Ng4 27.h3 Ne5 28.Rb1 Rb8 29.
bxc4 Nxc4 30.Kh2 Qd6 31.Qc1 h5 32.Nf3 Na3 33.Rxa3 bxa3 34.Rxb8 Qxb8 35.
Qxa3 Qb6 36.d4 Bc4 37.Qe7 Qxa6 38.Ng5 Qf6 39.Qe8+ Bg8 40.Bd5 Bf8 41.Bxg8 
Kxg8 42.h4 Nc6 43.d5 Ne5 44.Ne6 Qe7 45.Qc8 Nf7 46.Qa8 Nd6 47.Qb8 Ne4 48.
Nf4 Kf7 49.Qb6 Qd6 50.Qb7+ Be7 51.Qc8 Qe5 52.Kh3 Nf2+ 53.Kg2 Ng4 54.Kh3 
Qe4 55.Ng2 Qb1 0-1

[Event "2 IECC, Ohrid"]
[Site "Ohrid MKD"]
[Date "2001.06.03"]
[Round "3.30"]
[White "Brendel, Oliver"]
[Black "Kacheishvili, Giorgi"]
[Result "1/2-1/2"]
[WhiteElo "2389"]
[BlackElo "2570"]
[EventDate "2001.06.01"]
[PlyCount "128"]

1.e4 e6 2.d3 c5 3.Nf3 Nc6 4.g3 Nf6 5.Bg2 d6 6.O-O Be7 7.c3 O-O 8.a3 Bd7 9.
Re1 b5 10.b4 Qc7 11.Nbd2 a5 12.bxc5 dxc5 13.c4 bxc4 14.Nxc4 Qa7 15.Bf4 Be8
16.Rb1 Rd8 17.Rb6 Nh5 18.Be3 Rb8 19.Rxb8 Qxb8 20.Qb1 Bd7 21.Qb6 Qxb6 22.
Nxb6 Nf6 23.e5 Bd8 24.Bxc5 Bxb6 25.Bxb6 Nd5 26.Bc5 Rb8 27.Nd2 Rb5 28.d4 a4
29.Bf1 Rb8 30.Rb1 Rxb1 31.Nxb1 Na5 32.Nd2 Nb3 33.Ne4 f5 34.exf6 gxf6 35.
Bc4 Kg7 36.Nd6 Bc6 37.Bb5 Bxb5 38.Nxb5 e5 39.f3 Kf7 40.Ba7 exd4 41.Bxd4 
Nc7 42.Nxc7 Nxd4 43.Kf2 Ke7 44.Nd5+ Ke6 45.Nc3 Nc2 46.Nxa4 Nxa3 47.Nc5+ 
Ke5 48.Nd7+ Ke6 49.Nf8+ Kf7 50.Nxh7 Kg7 51.Nxf6 Kxf6 52.g4 Nc4 53.f4 Nb6 
54.h4 Nd5 55.Kf3 Kg6 56.Ke4 Nf6+ 57.Kf3 Nd5 58.h5+ Kh6 59.Ke4 Nf6+ 60.Kf5 
Nd5 61.Ke4 Nf6+ 62.Kf3 Nd5 63.Kg3 Ne3 64.Kh3 Nd5 1/2-1/2

[Event "2 IECC, Ohrid"]
[Site "Ohrid MKD"]
[Date "2001.06.03"]
[Round "3.33"]
[White "Short, Nigel David"]
[Black "Rechlis, Gad"]
[Result "1-0"]
[WhiteElo "2676"]
[BlackElo "2525"]
[EventDate "2001.06.01"]
[PlyCount "141"]

1.e4 c5 2.Nc3 Nc6 3.g3 g6 4.Bg2 Bg7 5.d3 d6 6.f4 e6 7.Nf3 Nge7 8.O-O O-O 
9.Be3 Nd4 10.e5 Nef5 11.Bf2 Bd7 12.Ne4 Bc6 13.c3 Nxf3+ 14.Bxf3 dxe5 15.
fxe5 Bxe4 16.dxe4 Ne7 17.Bxc5 Nc6 18.Bxf8 Qb6+ 19.Kh1 Bxf8 20.Qb3 Qc7 21.
Bg4 Re8 22.Be2 Nxe5 23.Qa4 Ra8 24.Rad1 h5 25.Qd4 Be7 26.b4 Kg7 27.a3 b6 
28.c4 a5 29.Rb1 axb4 30.axb4 Ra2 31.Rb2 Ra3 32.Rbb1 Ra2 33.Rf2 h4 34.Bf1 
Ra3 35.gxh4 Bxh4 36.Rc2 Bf6 37.c5 bxc5 38.bxc5 Nc6 39.Qd6 Ra7 40.Qxc7 Rxc7
41.Ba6 Nd4 42.Rc4 Be5 43.Rb7 Rxb7 44.Bxb7 Nb5 45.Bc6 Nc7 46.Kg2 Kh6 47.Rc1
Bd4 48.Ba4 Kg7 49.Kf3 Kf6 50.Rc2 Be5 51.h3 Kg5 52.Ke3 Kh4 53.Rf2 f6 54.Rf3
g5 55.Bd1 Bf4+ 56.Kd3 Be5 57.Be2 Bf4 58.c6 Ne8 59.Kc4 Nd6+ 60.Kd4 Ne8 61.
Kc5 Bg3 62.Bf1 g4 63.hxg4 Kxg4 64.Be2 Bd6+ 65.Kb6 Kg5 66.Bc4 f5 67.exf5 
exf5 68.Bf7 Nc7 69.Rd3 Be5 70.Rd7 Kf6 71.Rxc7 1-0

[Event "2 IECC, Ohrid"]
[Site "Ohrid MKD"]
[Date "2001.06.03"]
[Round "3.38"]
[White "Miladinovic, Igor"]
[Black "Graf, Alexander"]
[Result "0-1"]
[WhiteElo "2519"]
[BlackElo "2649"]
[EventDate "2001.06.01"]
[PlyCount "258"]

1.d4 Nf6 2.c4 e6 3.Nc3 Bb4 4.g3 c5 5.Nf3 Nc6 6.Bg2 Ne4 7.Qd3 cxd4 8.Nxd4 
Nxc3 9.bxc3 Ne5 10.Qc2 Be7 11.Qb3 O-O 12.Bf4 Qc7 13.Nf3 Bd6 14.Nxe5 Bxe5 
15.Bxe5 Qxe5 16.Rd1 Rb8 17.Qa3 b5 18.cxb5 Rxb5 19.O-O Ra5 20.Qb2 Rc5 21.
Rd4 Qc7 22.Rc1 Ba6 23.e4 h6 24.Qd2 Bb5 25.e5 Rxe5 26.a4 Bc6 27.Bxc6 dxc6 
28.Rd7 Qa5 29.Qd4 a6 30.Qf4 Rc5 31.Rb1 Rf5 32.Qd6 Rc8 33.Rb4 Qd5 34.Rb8 
Qxd6 35.Rxc8+ Qf8 36.Rxf8+ Kxf8 37.Kf1 g5 38.h3 h5 39.Ke2 Re5+ 40.Kf1 Kg7 
41.Rb7 a5 42.Rb6 Rc5 43.Ra6 h4 44.gxh4 gxh4 45.c4 Kf6 46.Ke2 Ke5 47.Kd3 
Kf4 48.Kd4 Re5 49.Rxc6 Re2 50.Ra6 Rd2+ 51.Kc3 Rxf2 52.Rxa5 Rf3+ 53.Kb4 
Rxh3 54.Rh5 Rh1 55.a5 h3 56.a6 f5 57.c5 h2 58.c6 Kg4 59.Rh8 Rb1+ 60.Kc5 
h1=Q 61.Rxh1 Rxh1 62.a7 Rh8 63.Kb6 f4 64.Kb7 f3 65.a8=Q Rxa8 66.Kxa8 f2 
67.c7 f1=Q 68.c8=Q Qa1+ 69.Kb7 Qb2+ 70.Ka6 Qa3+ 71.Kb7 Qb3+ 72.Ka6 Kf5 73.
Ka7 Kf4 74.Qf8+ Ke4 75.Qg8 Kd4 76.Qg4+ Ke5 77.Qg1 Kd6 78.Qd4+ Kc6 79.Qe4+ 
Qd5 80.Qa4+ Kd6 81.Kb8 e5 82.Qb4+ Qc5 83.Qh4 Qb6+ 84.Ka8 Qc6+ 85.Ka7 Qc5+ 
86.Ka6 Qd4 87.Qf6+ Kc5 88.Qb6+ Kc4 89.Qb5+ Kc3 90.Qa5+ Kd3 91.Qa3+ Qc3 92.
Qd6+ Kc2 93.Qe7 Qc4+ 94.Ka7 e4 95.Qh7 Qd4+ 96.Kb8 Kc3 97.Qc7+ Kb3 98.Qf7+ 
Kc2 99.Qf5 Kc3 100.Qc8+ Kd2 101.Qg4 Qd6+ 102.Ka8 e3 103.Qg5 Kd3 104.Qb5+ 
Kd4 105.Qb6+ Qc5 106.Qb2+ Ke4 107.Qb1+ Kf4 108.Qf1+ Ke5 109.Qe2 Qd5+ 110.
Ka7 Kf4 111.Qh2+ Kg4 112.Qg1+ Kf4 113.Qh2+ Ke4 114.Qg2+ Kd4 115.Qb2+ Kd3 
116.Qb1+ Ke2 117.Qc2+ Kf3 118.Qc3 Kf2 119.Qf6+ Qf3 120.Qd4 Qf5 121.Qh4+ 
Kf3 122.Qh1+ Ke2 123.Qh2+ Qf2 124.Qh5+ Qf3 125.Qh2+ Kf1 126.Qc2 e2 127.Qc4
Kg2 128.Qg8+ Qg3 129.Qd5+ Kg1 0-1

[Event "2 IECC, Ohrid"]
[Site "Ohrid MKD"]
[Date "2001.06.03"]
[Round "3.41"]
[White "Dautov, Rustem"]
[Black "Savchenko, Stanislav"]
[Result "1/2-1/2"]
[WhiteElo "2631"]
[BlackElo "2517"]
[EventDate "2001.06.01"]
[PlyCount "53"]

1.d4 d5 2.c4 c6 3.Nf3 Nf6 4.e3 e6 5.Bd3 Nbd7 6.O-O Bd6 7.Nc3 O-O 8.e4 dxc4
9.Bxc4 e5 10.Bg5 Qe7 11.h3 Rd8 12.Qe2 h6 13.Be3 exd4 14.Bxd4 Ne5 15.Bxe5 
Bxe5 16.Nxe5 Qxe5 17.f4 Qd4+ 18.Kh2 Be6 19.Bxe6 fxe6 20.Rad1 Qb4 21.Rxd8+ 
Rxd8 22.e5 Nd5 23.Qg4 Qe7 24.Rf3 Nxc3 25.bxc3 Rd5 26.Qg6 Qf7 27.Qe4 
1/2-1/2

[Event "2 IECC, Ohrid"]
[Site "Ohrid MKD"]
[Date "2001.06.03"]
[Round "3.43"]
[White "Smirnov, Pavel"]
[Black "Zviagintsev, Vadim"]
[Result "1/2-1/2"]
[WhiteElo "2511"]
[BlackElo "2627"]
[EventDate "2001.06.01"]
[PlyCount "71"]

1.e4 c6 2.d4 d5 3.e5 c5 4.dxc5 e6 5.Nf3 Bxc5 6.Bd3 Nc6 7.Qe2 Nge7 8.c3 Ng6
9.b4 Be7 10.b5 Na5 11.h4 Nf8 12.Bf4 a6 13.Nd4 axb5 14.Qg4 g6 15.Nd2 Bd7 
16.Nxb5 h5 17.Qg3 Bxb5 18.Bxb5+ Nd7 19.c4 d4 20.Bxd7+ Qxd7 21.O-O Qa4 22.
Bg5 Bxg5 23.Qxg5 Qc2 24.Rfe1 Qf5 25.Qg3 O-O 26.c5 Nc6 27.Re4 Nb4 28.Rae1 
Nc2 29.Rf4 Ra3 30.f3 Qd3 31.Ne4 Nxe1 32.Nf6+ Kg7 33.Qg5 Qe3+ 34.Kh1 Nxf3 
35.Nxh5+ Kh7 36.Nf6+ 1/2-1/2

[Event "2 IECC, Ohrid"]
[Site "Ohrid MKD"]
[Date "2001.06.03"]
[Round "3.45"]
[White "Sutovsky, Emil"]
[Black "Grabarczyk, Miroslaw"]
[Result "1-0"]
[WhiteElo "2604"]
[BlackElo "2506"]
[EventDate "2001.06.01"]
[PlyCount "73"]

1.e4 e5 2.Nf3 Nc6 3.Bb5 Nf6 4.O-O Nxe4 5.d4 Nd6 6.Bxc6 dxc6 7.dxe5 Nf5 8.
Qxd8+ Kxd8 9.Nc3 Bd7 10.Rd1 Kc8 11.Ng5 Be8 12.b3 a5 13.Bb2 b6 14.Rd3 Be7 
15.Nge4 Bd7 16.a4 Rd8 17.Rad1 Nh4 18.Ne2 Bf5 19.Rxd8+ Bxd8 20.N2g3 Bg6 21.
f3 Nf5 22.Nxf5 Bxf5 23.e6 Bxe6 24.Bxg7 Be7 25.Bf6 Bc5+ 26.Nxc5 bxc5 27.c4 
Bf5 28.g4 Bc2 29.Rd8+ Kb7 30.Rd2 Bb1 31.Rb2 Bg6 32.f4 Be4 33.Kf2 Re8 34.f5
h5 35.Re2 Kc8 36.gxh5 Kd7 37.Rxe4 1-0

[Event "2 IECC, Ohrid"]
[Site "Ohrid MKD"]
[Date "2001.06.03"]
[Round "3.49"]
[White "Markowski, Tomasz"]
[Black "Fedorchuk, Serhii"]
[Result "1/2-1/2"]
[WhiteElo "2592"]
[BlackElo "2528"]
[EventDate "2001.06.01"]
[PlyCount "100"]

1.g3 Nf6 2.Bg2 d5 3.Nf3 e6 4.O-O Be7 5.c4 O-O 6.d4 dxc4 7.Ne5 Nc6 8.Bxc6 
bxc6 9.Nxc6 Qe8 10.Nxe7+ Qxe7 11.Qa4 Qd6 12.Rd1 Ba6 13.Nc3 Qb6 14.Bg5 Nd5 
15.e4 f6 16.Bd2 Nb4 17.Be3 Rfb8 18.Rab1 Qc6 19.Qxc6 Nxc6 20.d5 exd5 21.
Nxd5 Rb7 22.Bf4 Rc8 23.Rd2 Kf7 24.h4 Rd8 25.Rbd1 Rd7 26.f3 Nb8 27.Nc3 Rd3 
28.Rxd3 cxd3 29.Na4 Nd7 30.b3 c5 31.Nb2 Nb6 32.Nxd3 Rd7 33.Nb2 Rxd1+ 34.
Nxd1 Be2 35.Nc3 Bxf3 36.Kf2 Bh1 37.Ke3 Ke6 38.g4 Nd7 39.Nd1 Bg2 40.Nf2 Bf1
41.g5 Bb5 42.Bc7 Bf1 43.Nd1 fxg5 44.hxg5 h6 45.gxh6 gxh6 46.Nc3 Nf6 47.Na4
Nd7 48.Kf4 Bd3 49.Nc3 Nf6 50.Bb8 a6 1/2-1/2

[Event "2 IECC, Ohrid"]
[Site "Ohrid MKD"]
[Date "2001.06.03"]
[Round "3.50"]
[White "Kobalia, Mikhail"]
[Black "Dervishi, Erald"]
[Result "1-0"]
[WhiteElo "2590"]
[BlackElo "2491"]
[EventDate "2001.06.01"]
[PlyCount "53"]

1.e4 e5 2.Nf3 Nc6 3.Bb5 a6 4.Ba4 Nf6 5.O-O Be7 6.Re1 b5 7.Bb3 d6 8.a4 Rb8 
9.axb5 axb5 10.c3 O-O 11.d4 exd4 12.cxd4 Bg4 13.Nc3 Bxf3 14.gxf3 Nd7 15.
Be3 Nb4 16.Qe2 c6 17.Kh1 Kh8 18.f4 f5 19.Be6 fxe4 20.Nxe4 Nd5 21.f5 Nxe3 
22.fxe3 d5 23.Ra7 Nb6 24.Rg1 dxe4 25.Qg4 g5 26.fxg6 Kg7 27.gxh7+ 1-0